USA/Canada & Australia/New Zealand common sports team names - Statistics

General Stats
  • This quiz has been taken 248 times
  • The average score is 21 of 27
Answer Stats
Leagues (North America - Australia/New Zealand) Team Name North America Locations Australia/New Zealand Locations % Correct
MLB - AFL, Cricket (Sheffield Shield), NRL Tigers Detroit Richmond, Tasmania, Wests
91%
NFL - AFL Eagles Philadelphia West Coast
89%
NFL, NHL - NRL Panthers Carolina, Florida Penrith
87%
NFL - AFL Lions Detroit Brisbane
86%
NBA - AFL, NBL Hawks Atlanta Hawthorn, Illawarra
83%
NFL - NRL Broncos Denver Brisbane
82%
MLB, NFL - AFL Giants San Francisco, New York Greater Western Sydney
82%
NFL - NRL Cowboys Dallas North Queensland
81%
NHL - AFL, Cricket (Sheffield Shield), NRL, Super Rugby Blues St. Louis Carlton, New South Wales, Auckland
80%
NFL, NHL - A-League Jets New York, Winnipeg Newcastle
80%
NHL - NRL Sharks San Jose Cronulla
80%
NFL - AFL Saints New Orleans St. Kilda
77%
NBA - Cricket (Sheffield Shield), NRL Warriors Golden State Western Australia, New Zealand
77%
NBA - Cricket (Sheffield Shield) Bulls Chicago Queensland
76%
NFL - NRL Titans Tennessee Gold Coast
76%
NBA - Cricket (Big Bash League) Heat Miami Brisbane
75%
NBA, NHL - NBL Kings Sacramento, Los Angeles Sydney
75%
NBA - AFL Suns Phoenix Gold Coast
75%
NFL - NRL Raiders Oakland Canberra
74%
NHL - Cricket (Big Bash League), Super Rugby Hurricanes Carolina Hobart, Wellington
73%
MLB - Super Rugby Reds Cincinnati Queensland
73%
NHL - Cricket (Big Bash League) Stars Dallas Melbourne
73%
NBA - Cricket (Big Bash League) Thunder Oklahoma City Sydney
72%
NFL - Super Rugby Chiefs Kansas City Hamilton
67%
MLB - A-League Mariners Seattle Central Coast
65%
MLS - A-League, NBL United Atlanta, Washington DC, Minnesota Adelaide, Melbourne
65%
MLS - A-League City New York, Orlando Melbourne
63%
No matching quizzes found
Score Distribution
Percent of People with Each Score
Percentile by Number Answered
Your Score History
You have not taken this quiz